Central Library OPAC University of Rajshahi

The ballad tree : (Record no. 61425)

MARC details
000 -LEADER
fixed length control field 00887nam a2200265 a 4500
001 - CONTROL NUMBER
control field 61425
003 - CONTROL NUMBER IDENTIFIER
rucl marc code BD-RjUL
005 - DATE AND TIME OF LATEST TRANSACTION
control field 20211209080949.0
008 - FIXED-LENGTH DATA ELEMENTS--GENERAL INFORMATION
fixed length control field 170117s1950 nyu 00000 eng d
035 ## - SYSTEM CONTROL NUMBER
System control number (BD-RjUL)61549
System control number 788954
040 ## - CATALOGING SOURCE
Original cataloging agency ANL
Language of cataloging eng
Modifying agency ANL
Transcribing agency BD-RjUL
041 ## - LANGUAGE CODE
Language code of text/sound track or separate title eng
082 0# - DEWEY DECIMAL CLASSIFICATION NUMBER
Classification number 784.30973
Edition number 23
Author mark and year WEB 1950
100 1# - MAIN ENTRY--PERSONAL NAME
Personal name Wells, Evelyn Kendrick.
9 (RLIN) 183110
245 14 - TITLE STATEMENT
Title The ballad tree :
Remainder of title a study of British and American ballads, their folklore, verse and music, together with sixty traditional ballads and their tunes.
Statement of responsibility, etc. Evelyn Kendrick Wells
260 ## - PUBLICATION, DISTRIBUTION, ETC. (IMPRINT)
Place of publication, distribution, etc. New York :
Name of publisher, distributor, etc. Ronald Press Co,
Date of publication, distribution, etc. 1950.
300 ## - PHYSICAL DESCRIPTION
Pagination ix, 370 p :
Illustrations ill. ;
Size 24 cm.
504 ## - BIBLIOGRAPHY, ETC. NOTE
Bibliography, etc Bibliography: p. 353-360.
650 #0 - SUBJECT ADDED ENTRY--TOPICAL TERM
Topical term or geographic name as entry element Ballads, English.
9 (RLIN) 183111
Topical term or geographic name as entry element Songs
Geographic subdivision United States.
9 (RLIN) 183112
Topical term or geographic name as entry element Ballads, American.
9 (RLIN) 183113
942 ## - ADDED ENTRY ELEMENTS (KOHA)
Source of classification or shelving scheme Dewey Decimal Classification
Koha item type Books
Holdings
Lost status Source of classification or shelving scheme Damaged status Not for loan Collection code Permanent Location Current Location Shelving location Date acquired Source of acquisition Cost, normal purchase price Total Checkouts Full call number Date last seen Copy number Koha item type
  Dewey Decimal Classification   Not For Loan Non-fiction Central Library, University of Rajshahi Central Library, University of Rajshahi Reading Room 29/01/1971 Zeetlinger 55.00   784.30973 WEB 1950 17/01/2017 C-1 Books